00606nam a2200169 i 4500001000700000003000900007005001700016008004100033080001200074100002900086245007700115250006200192260006500254300003600319650002400355852005700379160632ES-MaACL20230906212107.0010206s1880 fr a |||| | fre d a621.3521 aNiaudet Breguet, Alfred.10aTraité élémentaire de la pile électrique / cpar Alfred Niaudet. a2è éd., rev. et augm. avec 56 gravures dans le texte. aParis : bJ. Baudry, c1880 (fTypographie Georges Chamerot) aVIII, 264 p. : bil. ; c22 cm.04aPilas eléctricas. aES-MaACLjB-12490(2) z. - Enc. hol. con otras obras